Sports Quiz

Random Sports or Soccer Quiz
Score 0/147 Timer 20:00
1 Play Today
% Correct
Ryan Giggs
86.8%
Paul Scholes
79%
Frank Lampard
78%
Steven Gerrard
77.8%
Stephen Ward, Karl Henry
77.1%
John Terry
72.6%
Alan Shearer
68.1%
Charlie Adam
67.1%
Jamie Carragher
61.7%
Gary Neville
61.6%
David Seaman
59.8%
Petr Cech
51.2%
Carlton Cole
49.4%
Joe Hart
44.3%
Dennis Bergkamp
41.5%
Alan Wright
40.6%
Gareth Barry
40%
Ledley King
38.1%
Matt Le Tissier
37.5%
Kevin Davies
36.4%
Tim Howard
36.2%
Jermain Defoe
35.8%
David Silva
35.6%
Neil Etheridge
34.9%
Shay Given
34.2%
David James
34.1%
Kevin Nolan
32.4%
Mark Noble
32.1%
Ray Parlour
30.2%
Damien Johnson
30%
Matthew Taylor
29%
Maik Taylor
28.8%
Shaun Taylor
28.7%
Vincent Kompany
28.4%
Brad Friedel
28.2%
Gabriel Agbonlahor
27.4%
Etienne Capoue
26.8%
Mat Ryan
25.6%
Lewis Dunk
25.2%
Ashley Williams
24.9%
Troy Deeney
24.6%
Richard Shaw
24.4%
Geraint Williams
24.3%
Ryan Shawcross
24.2%
Davy Pröpper
24.2%
Jamie Vardy
22.7%
Aaron Mooy
22.7%
Mark Schwarzer
22.5%
Sami Hyypia
21.4%
% Correct
Leighton Baines
21.3%
Leon Osman
20.3%
Jussi Jaaskelainen
20.1%
Des Walker
19.1%
Adam Smith
18.5%
Joshua King
18.2%
Muzzy Izzet
17.4%
Luke Young
17.1%
Clint Dempsey
16.5%
Nigel Martyn
16.4%
Joel Ward
16.3%
Gary Kelly
16.1%
Ian Harte
16%
Richard Hughes
16%
Chris Brunt
15.7%
Jonathan Walters
15.5%
Aaron Hughes
15.4%
Jonas Lössl
14.6%
Alan Kelly
14.6%
Abdoulaye Doucouré
14.4%
Steve Cook
12.9%
John O'Shea
12.8%
Aron Gunnarsson
12.7%
Glenn Whelan
12.4%
Dean Windass
12.4%
Darren Anderton
12.2%
Morten Gamst Pedersen
12%
Ben Mee
11.9%
Ben Foster
11.1%
Ashley Barnes
10.9%
Angel Rangel
10.6%
James Morrison
10.5%
Wilfred Zaha
10.2%
Brede Hangeland
10.2%
Stewart Downing
10.1%
James Tarkowski
9.9%
John Ruddy
9.9%
Robbie Earle
9.8%
Kasper Schmeichel
9.7%
Steve Ogrizovic
9.4%
Neil Redfearn
8.7%
Russell Martin
8.6%
Shola Ameobi
8.4%
James Harper
7.9%
Marcus Gayle
7.9%
Chris Powell
7.5%
Darryl Powell
7.5%
Sebastian Larsson
7.5%
Mart Poom
7.3%
% Correct
James McArthur
7.1%
Kevin Pressman
6.7%
Phil Bardsley
6.6%
Wayne Routledge
6.5%
Marcus Hahnemann
6.4%
Mark Crossley
6.4%
Jason Dodd
6.3%
Christopher Schindler
6%
Steven Caulker
5.8%
Stuart McCall
5.5%
David Wetherall
5.4%
Maynor Figueroa
5.3%
Claus Lundekvam
5.3%
John Wark
5.2%
David Bardsley
5.2%
Nicky Shorey
5.1%
Emmerson Boyce
5%
Tom Huddlestone
4.6%
Kenny Cunningham
4.4%
Kenny Cunningham
4.4%
Ian Woan
4.4%
Brett Emerton
4.4%
Ian Evatt
4.3%
Matthew Jarvis
4.3%
Jake Livermore
4.1%
Paul Scharner
4.1%
Steve Chettle
3.4%
David Vaughan
3.2%
Andy Impey
2.8%
Ahmed Elmohamady
2.8%
Adrian Moses, Nicky Eaden
2.7%
Peter Atherton
2.5%
Paul Telfer
2.5%
Stephen Potts
2.3%
Robbie Mustoe
2.2%
John Moncur
2.2%
Jacob Laursen
2%
Nicky Summerbee, Kevin Horlock
1.7%
Mark Bowen
1.6%
Christophe Berra
1.6%
Darren Barnard
1.4%
Simon Barker
1.3%
Radostin Kishishev
1.2%
Paul Bernard
1.1%
Mike Milligan
1.1%
David Linighan
1%
Richard Jobson
1%
Carl Bradshaw
0.7%
Paul Beesley
0.7%
Remove Ads.
Support Sporcle.
Get the best of Sporcle when you Go Orange. This ad-free experience offers more features, more stats, and more fun while also helping to support Sporcle. Thank you for becoming a member.

You're not logged in!

Compare scores with friends on all Sporcle quizzes.
OR
Log In

Sporcle TV

Today on Sporcle TV


Watch our educational content, quiz creation guides, and fun videos on Sporcle TV.

Show Comments

Extras

Top Quizzes Today


Score Distribution

Paid Content

Your Account Isn't Verified!

In order to create a playlist on Sporcle, you need to verify the email address you used during registration. Go to your Sporcle Settings to finish the process.

Report this User

Report this user for behavior that violates our Community Guidelines.

Details: